Preliminary Catalogue of the Positions and Proper Motions of Stars Between Declination-70 degrees and -90 degrees Reduce (Record no. 8237)

MARC details
000 -LEADER
fixed length control field 00597nam a2200169Ia 4500
003 - CONTROL NUMBER IDENTIFIER
control field IN-BaIIA
008 - FIXED-LENGTH DATA ELEMENTS--GENERAL INFORMATION
fixed length control field 211028s9999 xx 000 0 eng d
040 ## - CATALOGING SOURCE
Transcribing agency IIA Library
080 ## - UNIVERSAL DECIMAL CLASSIFICATION NUMBER
Universal Decimal Classification number 083:52
Item number LU
100 ## - MAIN ENTRY--PERSONAL NAME
Personal name Lu, Phillip K
9 (RLIN) 13817
245 #0 - TITLE STATEMENT
Title Preliminary Catalogue of the Positions and Proper Motions of Stars Between Declination-70 degrees and -90 degrees Reduce
Statement of responsibility, etc. Phillip K Lu
260 ## - PUBLICATION, DISTRIBUTION, ETC.
Place of publication, distribution, etc. New Haven
Name of publisher, distributor, etc. The Observatory
Date of publication, distribution, etc. 1971
300 ## - PHYSICAL DESCRIPTION
Extent 274p.
650 ## - SUBJECT ADDED ENTRY--TOPICAL TERM
Topical term or geographic name entry element Astronomy and Astrophysics Thesaurus
650 ## - SUBJECT ADDED ENTRY--TOPICAL TERM
Topical term or geographic name entry element Catalogue-Stars
9 (RLIN) 966
942 ## - ADDED ENTRY ELEMENTS (KOHA)
Koha item type Books
Holdings
Withdrawn status Lost status Source of classification or shelving scheme Damaged status Not for loan Home library Current library Shelving location Date acquired Total Checkouts Full call number Barcode Date last seen Price effective from Koha item type Purchase Price
    Dewey Decimal Classification     IIA Library-Bangalore IIA Library-Bangalore General Stacks 29/04/1985   083:52/ LU 9081 05/11/2021 29/04/1985 Books  

Powered by Koha